| 000 | 00570nam a2200205Ia 4500 | ||
|---|---|---|---|
| 001 | 10203 | ||
| 003 | IVS | ||
| 005 | 20250626030543.0 | ||
| 008 | 211022s9999 xx 000 0 und d | ||
| 040 | _cIVS | ||
| 082 | _a741.6 URS | ||
| 100 | _aUrshela Riaz | ||
| 245 | 0 | _aEffectiveness of Animation as a Medium of Communication with Adults in Pakistan | |
| 260 | _aKarachi | ||
| 260 | _bIndus Valley School | ||
| 260 | _c2011 | ||
| 300 | _a52 | ||
| 856 | _uhttps://drive.google.com/file/d/1F_5nNR8Sgovjd44sOtlrCCvquVzPsE-4/view?usp=sharing | ||
| 942 |
_cDISS _n0 _2ddc |
||
| 999 |
_c10570 _d10570 |
||